Privatización del servicio público de electrícidad: experiencias internacionales /
Kaydedildi:
| Yazar: | |
|---|---|
| Materyal Türü: | Metin |
| Konular: | |
| Etiketler: |
Etiketle
Etiket eklenmemiş, İlk siz ekleyin!
|
MARC
| LEADER | 00000 a a2200000 04500 | ||
|---|---|---|---|
| 001 | 5337 | ||
| 003 | |||
| 040 | |||
| 100 | |a Aguilera Gómez, Manuel | ||
| 245 | |a Privatización del servicio público de electrícidad: |b experiencias internacionales / |c Manuel Aguilera Gómez | ||
| 650 | |a ENERGIA ELECTRICA | ||
| 650 | |a EMPRESAS PUBLICAS | ||
| 650 | |a RECESION ECONOMICA | ||
| 650 | |a PRIVATIZACION | ||
| 650 | |a INVERSIONES EXTRANJERAS | ||
| 650 | |a INDUSTRIA ELECTRICA | ||
| 650 | |a SERVICIOS PUBLICOS | ||
| 650 | |a CAPITALES EXTRANJEROS | ||
| 650 | |a PRECIOS DE LA ENERGIA | ||
| 650 | |a PRECIOS REGULADOS | ||
| 650 | |a MEXICO | ||
| 773 | |g número 320; páginas 25-35 | ||
| 999 | |c 23233 |d 23233 | ||
